Sports Quiz

Random Sports or NFL Quiz

NFL Previous Head Coaches Quiz Stats

 Plays Quiz Updated Feb 9, 2021

Support Sporcle.
Go Orange.
Score 0/32 Timer 10:00
0 Plays Today
Team Name % Correct
Pittsburgh SteelersBill Cowher
71.6%
Indianapolis ColtsChuck Pagano
71.3%
Dallas CowboysJason Garrett
69.7%
Arizona CardinalsSteve Wilks
67.8%
Baltimore RavensBrian Billick
64%
New York JetsAdam Gase
62.5%
Tampa Bay BuccaneersDirk Koetter
61.8%
Denver BroncosVance Joseph
61.3%
Washington Football TeamBill Callahan
56.1%
Seattle SeahawksJim Mora
53.7%
San Francisco 49ersChip Kelly
52.9%
Los Angeles ChargersAnthony Lynn
52.6%
Cleveland BrownsFreddie Kitchens
50.4%
New England PatriotsPete Carroll
49.2%
Carolina PanthersRon Rivera
48.9%
Kansas City ChiefsRomeo Crennel
48.6%
Team Name % Correct
Chicago BearsJohn Fox
47.1%
Minnesota VikingsLeslie Frazier
46.1%
New York GiantsPat Shurmur
44.9%
Las Vegas RaidersJack Del Rio
43.6%
Jacksonville JaguarsDoug Marrone
42.2%
Houston TexansRomeo Crennel
41.8%
Green Bay PackersJoe Philbin
38%
Detroit LionsRobert Prince/Darrell Bevell
35.2%
Los Angeles RamsJohn Fassel
34.3%
New Orleans SaintsJim Haslett
32.4%
Miami DolphinsAdam Gase
32.3%
Buffalo BillsAnthony Lynn
30.7%
Philadelphia EaglesDoug Pederson
30.3%
Tennessee TitansMike Mularkey
28.5%
Atlanta FalconsRaheem Morris
21.8%
Cincinnati BengalsMarvin Lewis
19.7%

From the Vault

The 'D' Movies

by broxx

Movies 9m
Not to be confused with D-List movies.
Remove Ads.
Support Sporcle.
Get the best of Sporcle when you Go Orange. This ad-free experience offers more features, more stats, and more fun while also helping to support Sporcle. Thank you for becoming a member.

Show Comments

Extras

Top Quizzes Today


Score Distribution

Your Account Isn't Verified!

In order to create a playlist on Sporcle, you need to verify the email address you used during registration. Go to your Sporcle Settings to finish the process.

Report this User

Report this user for behavior that violates our Community Guidelines.

Details: